| Tag |
First Indicator |
Second Indicator |
Subfields |
| LEADER |
00000cam a2200000 4500 |
| 001 |
in00000485244 |
| 005 |
20151013053751.0 |
| 008 |
700601s1970 ilu b 00010 eng |
| 010 |
|
|
|a 72101529
|
| 020 |
|
|
|a 0814121112
|c 1.35
|
| 035 |
|
|
|a (OCoLC)00074927
|
| 035 |
|
|
|9 ACC0390AM
|
| 040 |
|
|
|a DLC
|c DLC
|d TXA
|d UtOrBLW
|
| 049 |
|
|
|a TXAM
|c 1 [1128125], 2 [1139488]
|
| 050 |
0 |
0 |
|a PE1065
|b .H68
|
| 082 |
0 |
|
|a 808/.007
|
| 100 |
1 |
|
|a Hook, J. N.
|q (Julius Nicholas),
|d 1913-
|
| 245 |
1 |
0 |
|a What every English teacher should know /
|c by J. N. Hook, Paul H. Jacobs [and] Raymond D. Crisp.
|
| 264 |
|
1 |
|a [Champaign, Ill.] :
|b [National Council of Teachers of English],
|c [1970]
|
| 300 |
|
|
|a xxiii, 87 pages ;
|c 23 cm.
|
| 336 |
|
|
|a text
|b txt
|2 rdacontent
|
| 337 |
|
|
|a unmediated
|b n
|2 rdamedia
|
| 338 |
|
|
|a volume
|b nc
|2 rdacarrier
|
| 500 |
|
|
|a "A publication of the Illinois State-Wide Curriculum Study Center in the Preparation of Secondary School English Teachers."
|
| 504 |
|
|
|a Includes bibliographical references.
|
| 541 |
0 |
|
|a Donated by Stanley Archer, October, 1997.
|
| 650 |
|
0 |
|a English language
|x Study and teaching (Higher)
|
| 700 |
1 |
|
|a Jacobs, Paul H.
|
| 700 |
1 |
|
|a Crisp, Raymond D.
|
| 710 |
2 |
|
|a Illinois State-Wide Curriculum Study Center in the Preparation of Secondary School English Teachers.
|
| 999 |
|
|
|a MARS
|
| 999 |
f |
f |
|s 986957bc-1d87-3829-99e7-b1e0340056bc
|i ff7947b0-2c53-3d23-b773-ad51a3e17922
|t 0
|
| 952 |
f |
f |
|p ric
|a Texas A&M University
|b Rellis Campus
|c Joint Library Facility
|s JLF
|d Remote Storage
|t 0
|e PE1065 .H68
|h Library of Congress classification
|i unmediated -- volume
|m A14803578994
|
| 998 |
f |
f |
|a PE1065 .H68
|t 0
|l Remote Storage
|